Представление документа в формате MARC21

ПолеНазваниеЗначение
  Тип записи a
  Библиографический уровень m
001 Контрольный номер RU/URAIT/566327
005 Дата корректировки 20260429163641.1
008 Кодируемые данные 260429s2025 RU y f j 000 0 rus u
020 Индекс ISBN __
a ISBN 978-5-534-12331-9
c Цена, тираж 1779.00
040 Источник каталогиз. __
a Служба первич. каталог. ИКО Юрайт
c Служба, преобразующая запись ИКО Юрайт
e Правила каталог. RCR
041 Код языка издания __
a Код языка текста rus
044 Код страны публикации __
a Код страны публикации RU
080 Индекс УДК __
a Индекс УДК 504(075.32)
084 Индекс другой классификации/Индекс ББК __
2 Источник индекса rubbk
a Индекс другой классификации/Индекс ББК 20.18я723
100 Автор __
a Автор Исаченко Т. Е.
q Полное имя Исаченко Татьяна Евгеньевна
245 Заглавие __
a Заглавие Туристское рекреационное ресурсоведение
b Продолж. заглавия учебник для спо
c Ответственность Т. Е. Исаченко, А. В. Косарев.
256 Характеристики компьютерного файла __
a Характеристики компьютерного файла Электрон. дан.
260 Выходные данные __
a Место издания Москва
b Издательство Юрайт
c Дата издания 2025
300 Физическое описание __
a Объем 268 с
440 Серия __
a Серия Профессиональное образование
500 Примечания __
a Примечание URL: https://urait.ru/bcode/566327 (дата обращения: 29.04.2026).
520 Аннотация __
a Аннотация В курсе рассматриваются теоретические основы и географические аспекты рекреационного природопользования. Понятия «туризм» и «рекреация» анализируются с пространственной точки зрения, в качестве основной операционной единицы вводится понятие «рекреационный территориальный комплекс». Уделяется внимание пространственному выражению конфликтов рекреационного природопользования, роли рекреации и туризма в сохранении традиционных культурных ландшафтов. Делаются акценты на правовых основах формирования рекреационных территорий, подходах к их планированию и проектированию. Описываются как классические, так и современные методы оценки территорий для развития туризма и рекреации. Курс проиллюстрирован практическими разработками авторов в области оценки и проектирования рекреационных территорий. Соответствует актуальным требованиям Федерального государственного образовательного стандарта среднего профессионального образования и профессиональным требованиям. Для студентов образовательных учреждений среднего профессионального образования, обучающихся по направлениям «география», «туризм», «природопользование», «градостроительство», аспирантов, преподавателей.
538 Прим. о системных особенностях __
a Прим. о системных особенностях Режим доступа: Электронно-библиотечная система Юрайт, для авториз. пользователей
653 Ключевые слова __
a Ключевые слова Туризм и гостеприимство
653 Ключевые слова __
a Ключевые слова Менеджмент
653 Ключевые слова __
a Ключевые слова Использование лесов для осуществления рекреационной деятельности
653 Ключевые слова __
a Ключевые слова Туристское рекреационное ресурсоведение
700 Другие авторы __
a Другие авторы Косарев А. В.
q Полное имя Косарев Алексей Викторович
856 Электронный адрес документа 40
n Местонахождение сервера Юрайт
g Электронная книга
q Тип электронного формата html
h Имя пользователя ЮРАЙТ
v Часы доступа к ресурсу 20271231
2 Способ доступа Показать документ
x Служебное примечание https://urait.ru/book/cover/7CF2828B-CFA3-41F5-B0EE-9598E4ACCC50
u URL https://urait.ru/bcode/566327
856 Электронный адрес документа 48
q Тип электронного формата cover
u URL https://urait.ru/book/cover/7CF2828B-CFA3-41F5-B0EE-9598E4ACCC50
911 __
u 0030=https://urait.ru/bcode/566327
911 __
u 073a=9785534123319
u 073d=1779.00
911 __
u 106a=s
911 __
u 900l=
952 Тип литературы __
i Дисциплина Использование лесов для осуществления рекреационной деятельности
952 Тип литературы __
i Дисциплина Туристское рекреационное ресурсоведение